000 00418nam a2200181Ia 4500
008 220531s9999 xx 000 0 und d
041 _aeng
082 _a657.42
_bALE
100 _aAlex, K.
_961902
245 _aCost Accounting
250 _a1ST
260 _aNew Delhi
_bPearson
_c2012
300 _a738
542 _d29-08-2012
650 _acosting
_961903
906 _d2012-2013
999 _c35267
_d35267